| 000 | 00767cab a2200277 4500 | ||
|---|---|---|---|
| 001 | ABS48509 | ||
| 008 | 090401t1992 xxu||||| |||| 00| 0 eng d | ||
| 035 | _a(Sirsi) u67164 | ||
| 041 | _aeng | ||
| 100 | _aSlatter, B. | ||
| 245 | _aAdvice on pollution control | ||
| 260 | _c1992 | ||
| 350 | _a0 | ||
| 490 |
_aCS Monthly : Rural Practice _v2(7) April 1992, 7(1) |
||
| 520 | _aOffers advice on the pollution control of farm waste. References. | ||
| 650 | _aCONTROL OF POLLUTION (SILAGE, SLURRY AND AGRICULTURAL FUEL OIL) REGULATIONS 1991 | ||
| 650 | _aFARM POLLUTION | ||
| 650 | _aFARM WASTE | ||
| 650 | _aMENTOR | ||
| 650 | _aPOLLUTION | ||
| 650 | _aSLURRY | ||
| 650 | _aSTORAGE | ||
| 690 | _aRURAL PRACTICE | ||
| 942 | _n0 | ||
| 948 | _c04/03/1997 | ||
| 999 |
_c42027 _d42027 |
||